Тематический указатель технических средств (кинофотофондодокументов Туркестана и Узбекистана) и художественной литературы к курсу истории КПСС / (Record no. 344966)
[ view plain ]
| 000 -LEADER | |
|---|---|
| fixed length control field | 01147nam a2200193 a 4500 |
| 001 - CONTROL NUMBER | |
| control field | 001060883 |
| 003 - CONTROL NUMBER IDENTIFIER | |
| control field | AM-YeHGA |
| 005 - DATE AND TIME OF LATEST TRANSACTION | |
| control field | 20250617151120.0 |
| 008 - FIXED-LENGTH DATA ELEMENTS--GENERAL INFORMATION | |
| fixed length control field | 150223s1974 ||| r 000 0 rus d |
| 040 ## - CATALOGING SOURCE | |
| Original cataloging agency | AM-YeHGA |
| 041 0# - LANGUAGE CODE | |
| Language code of text/sound track or separate title | rus |
| 090 ## - LOCALLY ASSIGNED LC-TYPE CALL NUMBER (OCLC); LOCAL CALL NUMBER (RLIN) | |
| -- | 346764 |
| 245 00 - TITLE STATEMENT | |
| Title | Тематический указатель технических средств (кинофотофондодокументов Туркестана и Узбекистана) и художественной литературы к курсу истории КПСС / |
| Statement of responsibility, etc. | Ташкентский гос. ун-т им. В.И. Ленина; Сост. Ф.М. Шамаева; Отв. ред. Е.И. Богословская. |
| 260 ## - PUBLICATION, DISTRIBUTION, ETC. | |
| Place of publication, distribution, etc. | Ташкент : |
| Name of publisher, distributor, etc. | Б.и., |
| Date of publication, distribution, etc. | 1974. |
| 300 ## - PHYSICAL DESCRIPTION | |
| Extent | 77 с. |
| 653 0# - INDEX TERM--UNCONTROLLED | |
| Uncontrolled term | История КПСС - Кинофотофондодокументы - Туркестан и Узбекистан - Тематический указатель технических средств |
| 700 1# - ADDED ENTRY--PERSONAL NAME | |
| Personal name | Шамаева, Ф.М. |
| Relator term | сост. |
| Relationship | com |
| 710 2# - ADDED ENTRY--CORPORATE NAME | |
| Corporate name or jurisdiction name as entry element | Ташкентский госудаpственный университет им. В.И. Ленина |
| Withdrawn status | Lost status | Source of classification or shelving scheme | Damaged status | Not for loan | Collection | Home library | Current library | Date acquired | Total checkouts | Full call number | Barcode | Date last seen | Price effective from | Koha item type | Public note |
|---|---|---|---|---|---|---|---|---|---|---|---|---|---|---|---|
| Universal Decimal Classification | General | Fundamental Scientific Library | Fundamental Scientific Library | 09/01/2017 | PII/361823 | FL0323483 | 09/01/2017 | 09/01/2017 | Գրքեր / Books | 30 Days Loan |
ՀՀ Գիտությունների ազգային ակադեմիայի հիմնարար գիտական գրադարան = Fundamental Scientific Library of NAS RA
All site content, except where otherwise noted, is licensed under a